书目信息 |
| 题名: |
葡萄酒生产技术
|
|
| 作者: | 高年发 主编 | |
| 分册: | ||
| 出版信息: | 北京 化学工业出版社 2005 |
|
| 页数: | 268页 | |
| 开本: | 24cm | |
| 丛书名: | 酒类生产技术丛书 | |
| 单 册: | ||
| 中图分类: | TS262.6 | |
| 科图分类: | ||
| 主题词: | 葡萄酒--酿造 , 葡萄酒 , 酿造 | |
| 电子资源: | ||
| ISBN: | 7-5025-7408-5 | |
| 000 | 00893oam2 2200277 450 | |
| 001 | 012007558331 | |
| 005 | 20070517143619.92 | |
| 010 | @a7-5025-7408-5@dCNY36.00 | |
| 100 | @a20070509d2005 km y0chiy0120 ea | |
| 101 | 0 | @achi |
| 102 | @aCN@b110000 | |
| 105 | @aa z 000yy | |
| 106 | @ar | |
| 200 | 1 | @a葡萄酒生产技术@Apu tao jiu sheng chan ji shu@f高年发主编@Fgao nian fa zhu bian |
| 210 | @a北京@c化学工业出版社@d2005 | |
| 215 | @a268页@c图@d24cm | |
| 225 | 2 | @a酒类生产技术丛书 |
| 330 | @a本书共分十六章,分别详细介绍了葡萄酒生产的原料及辅料、酵母菌与酒精发酵、苹果酸-乳酸发酵、白葡萄酒的酿造、红葡萄酒的酿造、桃红葡萄酒的酿造、白兰地的生产等。 | |
| 461 | 0 | @12001 @a酒类生产技术丛书 |
| 606 | 0 | @a葡萄酒@x酿造 |
| 606 | 0 | @a葡萄酒 |
| 606 | 0 | @a酿造 |
| 690 | @aTS262.6@v4 | |
| 701 | 0 | @a高年发@Agao nian fa@4主编 |
| 801 | 0 | @aCN@bRULIN@c20070517 |
| 905 | @dTS262.6@e61@s8 | |
| 葡萄酒生产技术/高年发主编.-北京:化学工业出版社,2005 |
| 268页:图;24cm.-(酒类生产技术丛书) |
| ISBN 7-5025-7408-5:CNY36.00 |
| 本书共分十六章,分别详细介绍了葡萄酒生产的原料及辅料、酵母菌与酒精发酵、苹果酸-乳酸发酵、白葡萄酒的酿造、红葡萄酒的酿造、桃红葡萄酒的酿造、白兰地的生产等。 |
| ● |
| 相关链接 |
|
|
|
|
正题名:葡萄酒生产技术
索取号:TS262.6/61
 
预约/预借
| 序号 | 登录号 | 条形码 | 馆藏地/架位号 | 状态 | 备注 |
| 1 | 0575203 | 205752032 | 第二样本阅览室/ [索取号:TS262.6/61] | 在馆 | |
| 2 | 0575204 | 205752041 | 第三借阅区/ [索取号:TS262.6/61] | 在馆 | |
| 3 | 0575205 | 205752050 | 第三借阅区/ [索取号:TS262.6/61] | 在馆 | |
| 4 | 0575206 | 205752069 | 第三借阅区/ [索取号:TS262.6/61] | 在馆 | |
| 5 | 0575207 | 205752078 | 第三借阅区/ [索取号:TS262.6/61] | 在馆 | |
| 6 | 0575208 | 205752087 | 第三借阅区/ [索取号:TS262.6/61] | 在馆 | |
| 7 | 0575209 | 205752096 | 第三借阅区/ [索取号:TS262.6/61] | 在馆 | |
| 8 | 0575210 | 205752103 | 第三借阅区/ [索取号:TS262.6/61] | 在馆 | |
| 9 | 0575211 | 205752112 | 第三借阅区/ [索取号:TS262.6/61] | 在馆 | |
| 10 | 0575212 | 205752121 | 第三借阅区/ [索取号:TS262.6/61] | 在馆 |